[Event "World Rapid 2019"]
[Site "Moscow RUS"]
[Date "2019.12.28"]
[Round "15"]
[White "Piorun, Kacper"]
[Black "Krsnik Cohar, Ivan Vihor"]
[Result "1/2-1/2"]
[WhiteElo "2552"]
[BlackElo "2334"]
[EventDate "2019.12.26"]
[Board "68"]

1. d4 Nf6 2. Nf3 d5 3. c4 c6 4. e3 Bg4 5. Nbd2 e6 6. Bd3 Nbd7 7. Qc2 Bd6 8.
b3 Qe7 9. Bb2 Bh5 10. O-O O-O 11. Ne5 Bg6 12. Nxg6 hxg6 13. c5 Bc7 14. f4
Ng4 15. Rae1 f5 16. h3 Ngf6 17. Nf3 Nh5 18. g4 Nhf6 19. Qg2 Ne4 20. b4 a6
21. Rb1 Ndf6 22. a4 Qd7 23. Ne5 Bxe5 24. dxe5 Nh7 25. Bd4 Qe7 26. g5 Rfb8
27. h4 Kf7 28. Qc2 Nf8 29. Kg2 Nd7 30. Rh1 Rh8 31. Rh2 Rh7 32. Rh3 Rah8 33.
Rbh1 Qd8 34. Qd1 Nf8 35. Qe1 Nd7 36. Qe2 Nf8 37. Qb2 Nd7 38. Qb1 Qc7 39.
Qd1 Nf8 40. h5 Rxh5 41. Rxh5 Rxh5 42. Rxh5 gxh5 43. Qxh5+ Ng6 44. Qh7 Qd8
45. Be2 Qh8 46. Qxh8 Nxh8 47. b5 axb5 48. axb5 Ke7 49. Bd3 g6 50. Kf1 Nf7
51. Ke1 Kd7 52. Be2 Ng3 53. Bd3 Ne4 54. Ke2 Nd8 55. Bxe4 dxe4 56. b6
1/2-1/2

[Event "World Rapid 2019"]
[Site "Moscow RUS"]
[Date "2019.12.28"]
[Round "15"]
[White "Studer, Noel"]
[Black "Rychagov, Andrey"]
[Result "1/2-1/2"]
[WhiteElo "2405"]
[BlackElo "2543"]
[EventDate "2019.12.26"]
[Board "69"]

1. d4 f5 2. c4 Nf6 3. g3 g6 4. Nf3 Bg7 5. Bg2 O-O 6. O-O d6 7. Nc3 c6 8.
Re1 Nh5 9. d5 e5 10. dxe6 Bxe6 11. e4 f4 12. e5 dxe5 13. Qxd8 Rxd8 14. Nxe5
Re8 15. Bd2 Bxe5 16. Rxe5 Nd7 17. Re4 Nc5 18. Rd4 Rad8 19. Ne2 Bxc4 20.
Rxc4 Rxd2 21. Nc3 Nd7 22. Rb4 Nc5 23. g4 Ng7 24. Rc4 f3 25. Bxf3 Rf8 26.
Rxc5 Rxf3 27. Ne4 Rd5 28. g5 Rxc5 29. Nxc5 Rf5 30. Ne4 Ne6 31. h4 Rf4 32.
Nf6+ Kf7 33. Rd1 Nd4 34. h5 Nf3+ 35. Kg2 Nxg5 36. Nxh7 Rg4+ 37. Kf1 Nxh7
38. Rd7+ Kg8 39. hxg6 Rxg6 40. Rxb7 a5 41. Ra7 Rg5 42. Ra6 Rc5 43. a3 Ng5
44. b4 axb4 45. axb4 Rc2 46. b5 Ne4 47. Rxc6 Rxf2+ 48. Ke1 Rb2 49. b6 Kf7
50. Kd1 Ke7 51. Kc1 Rb5 52. Kc2 Kd7 53. Rc7+ Kd6 54. Rh7 Nc5 55. b7 Nxb7
56. Rh6+ Kc7 57. Kc3 Nd6 58. Rg6 Kc6 59. Rh6 Rg5 60. Kd3 Kd5 61. Rh8 Rg3+
62. Ke2 Nf5 63. Re8 Nd4+ 64. Kf2 Rf3+ 65. Kg2 Rf7 66. Re1 Nc2 67. Re8 Kd4
68. Kg3 Ne3 69. Rd8+ Ke4 70. Re8+ Kd3 71. Re6 Ke2 72. Re8 Rf3+ 73. Kh4 Rf5
74. Kg3 Rf1 75. Re6 Kd3 76. Re8 Rf7 77. Rd8+ Ke2 78. Re8 Rf5 79. Re6 Kd3
80. Re8 Kd4 81. Rd8+ Nd5 82. Kg4 Rf7 83. Kg5 Ke5 84. Re8+ Ne7 85. Kg4 Ke4
86. Kg5 Rf5+ 87. Kg4 Re5 88. Ra8 Nf5 89. Ra4+ Nd4 90. Ra1 Ke3 1/2-1/2

[Event "World Rapid 2019"]
[Site "Moscow RUS"]
[Date "2019.12.28"]
[Round "15"]
[White "Yagupov, Igor"]
[Black "Khusnutdinov, Rustam"]
[Result "0-1"]
[WhiteElo "2382"]
[BlackElo "2532"]
[EventDate "2019.12.26"]
[Board "70"]

1. e4 c5 2. Nf3 Nc6 3. d4 cxd4 4. Nxd4 g6 5. c4 Nf6 6. Nc3 Nxd4 7. Qxd4 d6
8. Be2 Bg7 9. Be3 O-O 10. Qd2 a5 11. f3 a4 12. Rc1 Be6 13. Nb5 Nd7 14. O-O
Qa5 15. Qxa5 Rxa5 16. Rc2 Rc8 17. Nd4 Nc5 18. Rb1 Bd7 19. Kf1 f5 20. b4
axb3 21. Nxb3 Nxb3 22. axb3 fxe4 23. fxe4 Bc6 24. Bf3 Re5 25. Bd4 Bxe4 26.
Bxe5 Bxc2 27. Bd5+ Kf8 28. Bxg7+ Kxg7 29. Rb2 Bd3+ 30. Kf2 b5 31. Ke3 bxc4
32. bxc4 Bxc4 33. Rc2 Ba6 34. Rf2 e6 35. Ra2 Bb5 36. Rb2 Bc6 37. Bxc6 Rxc6
38. Rb7+ Kh6 39. h4 Rc5 40. g4 Rc3+ 41. Ke4 Rh3 42. g5+ Kh5 43. Rxh7+ Kg4
44. Re7 Rh1 45. Kd3 e5 46. Re6 Kh5 47. Ke2 Rxh4 48. Rxd6 Kxg5 49. Kf3 Rh3+
50. Ke4 Rh1 51. Rd8 Rf1 52. Rg8 Kh5 53. Rh8+ Kg4 54. Kxe5 g5 55. Ke4 Kg3
0-1

[Event "World Rapid 2019"]
[Site "Moscow RUS"]
[Date "2019.12.28"]
[Round "15"]
[White "Narayanan, Srinath"]
[Black "Potapov, Pavel"]
[Result "1-0"]
[WhiteElo "2526"]
[BlackElo "2482"]
[EventDate "2019.12.26"]
[Board "71"]

1. e4 c5 2. Nf3 Nc6 3. Bb5 g6 4. Bxc6 dxc6 5. d3 Bg7 6. h3 e5 7. O-O Qe7 8.
a3 Nf6 9. b4 Nd7 10. bxc5 Nxc5 11. a4 Ne6 12. Ba3 Qc7 13. Nc3 Nf4 14. Nd2
Be6 15. Qf3 h5 16. Nc4 Rd8 17. h4 Bh6 18. Ne3 f6 19. g3 Nh3+ 20. Kh2 Qf7
21. Nf5 Bd2 22. Nb1 gxf5 23. exf5 Bd5 24. Qe2 Nf4 25. Qxd2 Qg7 26. Qd1 Kf7
27. Nc3 Qg4 28. Qxg4 hxg4 29. Rab1 b6 30. Nxd5 Nxd5 31. a5 b5 32. Bc5 a6
33. c4 Ne7 34. Bxe7 Kxe7 35. Rb3 Rd4 36. Rc1 Rhd8 37. cxb5 cxb5 38. Rc7+
R8d7 39. Rxd7+ Kxd7 40. Kg2 Ra4 41. h5 Ke7 42. Rc3 Rxa5 43. h6 Kf7 44. Rc8
1-0

[Event "World Rapid 2019"]
[Site "Moscow RUS"]
[Date "2019.12.28"]
[Round "15"]
[White "Yilmaz, Mustafa"]
[Black "Atabayev, Saparmyrat"]
[Result "0-1"]
[WhiteElo "2525"]
[BlackElo "2258"]
[EventDate "2019.12.26"]
[Board "72"]

1. d4 Nf6 2. c4 e6 3. Nf3 d5 4. Nc3 Be7 5. g3 O-O 6. Bg2 dxc4 7. Ne5 Nc6 8.
Bxc6 bxc6 9. Nxc6 Qe8 10. Nxe7+ Qxe7 11. Qa4 c5 12. dxc5 Qxc5 13. Be3 Qc7
14. O-O-O Bb7 15. f3 Nd5 16. Bd4 Rfd8 17. Nxd5 Rxd5 18. Bc3 Qb6 19. Rxd5
exd5 20. Rd1 Qh6+ 21. Kb1 Bc6 22. Qa3 Qxh2 23. Qe7 Qxg3 24. Ka1 Qg6 25. Qc5
Qe6 26. Rg1 f6 27. Qf2 Be8 28. Bd4 Bg6 29. e3 a5 30. Qd2 Qf5 31. f4 Qd3 32.
Qg2 Qe4 33. Qh3 Rd8 34. a3 a4 35. Bb6 Re8 36. Bd4 Qe6 37. Qh4 c3 38. Bxc3
Qxe3 39. Rd1 Qf3 40. Rg1 Qe4 41. Qf2 Qe3 42. Qg2 Qxf4 43. Qxd5+ Bf7 44. Qc6
Qc4 45. Qxc4 Bxc4 46. Bxf6 g6 47. Kb1 Bb3 48. Kc1 Re2 49. Bc3 Rc2+ 50. Kb1
Rf2 51. Be1 Re2 52. Bh4 Bc2+ 53. Kc1 h6 54. Re1 Rh2 55. Bg3 Rg2 56. Be5 Bb3
57. Bc3 Rc2+ 58. Kb1 Rf2 59. Kc1 Kf7 60. Bb4 g5 61. Re7+ Kg6 62. Bc3 h5 63.
Bd2 h4 64. Re5 Rg2 0-1

[Event "World Rapid 2019"]
[Site "Moscow RUS"]
[Date "2019.12.28"]
[Round "15"]
[White "Tsoi, Dmitry"]
[Black "Romanov, Evgeny"]
[Result "0-1"]
[WhiteElo "2375"]
[BlackElo "2571"]
[EventDate "2019.12.26"]
[Board "73"]

1. f4 d5 2. Nf3 Bg4 3. e3 Nd7 4. d4 e6 5. Bd3 c5 6. c3 Nh6 7. O-O Bd6 8. h3
Bf5 9. Ne5 Bxd3 10. Nxd3 Nf5 11. g4 Ng3 12. Rf3 Ne4 13. Nd2 f5 14. Nf2 Qh4
15. Nf1 g5 16. Nxe4 fxe4 17. Rf2 h5 18. c4 O-O-O 19. b4 cxd4 20. Qxd4 hxg4
21. cxd5 g3 22. Rc2+ Kb8 23. Qxe4 exd5 24. Qe6 Rh6 25. Qg4 gxf4 26. Qxh4
Rxh4 27. exf4 Rxh3 28. Bb2 Bxf4 29. Kg2 Rh5 30. Rd1 Rg8 31. Re2 Nb6 32. Bd4
Nc4 33. Kg1 Nd6 34. Be3 Bxe3+ 35. Nxe3 Re8 36. Ree1 Rhe5 37. Ng2 Rxe1+ 38.
Nxe1 Nf5 39. Nf3 Re3 40. Nd4 Nh4 41. a4 Re4 42. Nb5 Rxb4 43. Rf1 Kc8 44.
Nxa7+ Kd7 45. Nb5 Rxa4 46. Nc3 Rd4 47. Rf7+ Ke6 48. Rh7 b5 49. Rh6+ Kf7 0-1

[Event "World Rapid 2019"]
[Site "Moscow RUS"]
[Date "2019.12.28"]
[Round "15"]
[White "Golubov, Saveliy"]
[Black "Kryakvin, Dmitry"]
[Result "1/2-1/2"]
[WhiteElo "2635"]
[BlackElo "2525"]
[EventDate "2019.12.26"]
[Board "74"]

1. Nf3 d5 2. g3 Bg4 3. Bg2 Nd7 4. O-O c6 5. d3 e6 6. b3 Ngf6 7. Bb2 Be7 8.
Nbd2 O-O 9. e4 a5 10. a3 b5 11. h3 Bxf3 12. Bxf3 Qb6 13. Bg2 dxe4 14. dxe4
e5 15. Qe2 Rfe8 16. Kh2 a4 17. f4 Bd6 18. b4 c5 19. bxc5 Qxc5 20. c4 b4 21.
axb4 Qxb4 22. Rab1 Qc5 23. Ba1 Qc7 24. f5 Reb8 25. Rb5 a3 26. Nf3 Nc5 27.
Nd2 h6 28. Rfb1 Nfd7 29. Nf1 Rxb5 30. cxb5 Qa5 31. Ne3 Qa4 32. b6 a2 33.
Rb2 Nb3 34. b7 Ra7 35. Qd1 Nd4 36. Qc1 Qc6 37. Qd2 Rxb7 38. Rxa2 Nb3 39.
Qd5 1/2-1/2

[Event "World Rapid 2019"]
[Site "Moscow RUS"]
[Date "2019.12.28"]
[Round "15"]
[White "Gasanov, Eldar"]
[Black "Kazhgaleyev, Murtas"]
[Result "0-1"]
[WhiteElo "2560"]
[BlackElo "2455"]
[EventDate "2019.12.26"]
[Board "75"]

1. d4 e6 2. c4 Nf6 3. Nc3 Bb4 4. Nf3 O-O 5. Bg5 h6 6. Bh4 c5 7. Rc1 cxd4 8.
Nxd4 d5 9. cxd5 g5 10. Bg3 Qxd5 11. e3 Qxa2 12. Rc2 Qa5 13. Bd3 e5 14. Ne2
e4 15. Bc4 Nc6 16. O-O Rd8 17. Rd2 Bg4 18. Rxd8+ Rxd8 19. Qb3 Rd7 20. h3
Bh5 21. Nb5 Bf8 22. Ned4 Nxd4 23. Nxd4 a6 24. Qc2 Bg6 25. Rc1 Bg7 26. Bb3
Kh7 27. Qc8 Qd8 28. Qc5 Nd5 29. Ba4 b5 30. Bb3 Nf4 31. Bxf4 gxf4 32. Nc6
Qf6 33. Nd4 Qg5 34. Qxg5 hxg5 35. Rd1 f5 36. g3 fxe3 37. fxe3 f4 38. Kf2
Bxd4 39. Rxd4 Rxd4 40. exd4 Kg7 41. Bd5 e3+ 42. Kf3 Bh5+ 43. g4 Bf7 44. Bb7
a5 45. d5 Kf6 46. d6 Bb3 47. Bc6 b4 48. d7 Ke7 49. h4 Bd1+ 50. Kg2 gxh4 51.
g5 h3+ 52. Kf1 Bh5 0-1

[Event "World Rapid 2019"]
[Site "Moscow RUS"]
[Date "2019.12.28"]
[Round "15"]
[White "Deviatkin, Andrei"]
[Black "Ruck, Robert"]
[Result "1-0"]
[WhiteElo "2477"]
[BlackElo "2551"]
[EventDate "2019.12.26"]
[Board "76"]

1. d3 g6 2. c4 Bg7 3. Nc3 Nf6 4. e4 O-O 5. g3 e6 6. Bg2 d5 7. e5 Nfd7 8. f4
dxc4 9. dxc4 Nb6 10. Qe2 Qe7 11. Bd2 Na6 12. Nf3 Bd7 13. b3 Nc5 14. O-O a5
15. Ng5 Rfd8 16. Rad1 h6 17. Nge4 a4 18. Be3 Nxe4 19. Nxe4 axb3 20. Bc5 Qe8
21. axb3 Bc6 22. Rxd8 Qxd8 23. Rd1 Nd7 24. Bb4 Qb8 25. Qf2 Kh8 26. Bf3 Ra6
27. Nc3 Nf8 28. Be7 Qe8 29. Bd8 Ra3 30. Bxc6 Qxc6 31. Rb1 Nd7 32. Be7 Ra8
33. Rd1 Re8 34. Ba3 Kg8 35. Qd4 Nb8 36. Ne4 Qa6 37. Bb2 Nc6 38. Qc3 Ra8 39.
Kg2 Qb6 40. Kh3 Ne7 41. Rd7 Nf5 42. Qd3 Ra2 43. Rd8+ Kh7 44. Qd7 Qg1 45.
Nf6+ Bxf6 46. Qxf7+ Bg7 47. Qg8# 1-0

[Event "World Rapid 2019"]
[Site "Moscow RUS"]
[Date "2019.12.28"]
[Round "15"]
[White "Suleymanli, Aydin"]
[Black "Rozum, Ivan"]
[Result "1-0"]
[WhiteElo "2086"]
[BlackElo "2542"]
[EventDate "2019.12.26"]
[Board "77"]

1. Nf3 Nf6 2. c4 e6 3. g3 b6 4. Bg2 Bb7 5. O-O Be7 6. b3 O-O 7. Bb2 c5 8.
e3 d5 9. Qe2 Na6 10. Rd1 Qc8 11. Nc3 Rd8 12. d4 dxc4 13. bxc4 Ne4 14. Nb5
Nc7 15. Ne5 Ne8 16. d5 exd5 17. cxd5 Rxd5 18. Bxe4 Rxd1+ 19. Rxd1 Bxe4 20.
Qc4 Bg6 21. Rd7 Bf6 22. Rxf7 Bxe5 23. Rf6+ 1-0

[Event "World Rapid 2019"]
[Site "Moscow RUS"]
[Date "2019.12.28"]
[Round "15"]
[White "Triapishko, Alexandr"]
[Black "Zarubitski, Viachaslau"]
[Result "1-0"]
[WhiteElo "2531"]
[BlackElo "2273"]
[EventDate "2019.12.26"]
[Board "78"]

1. Nf3 d5 2. g3 Nf6 3. Bg2 c6 4. c4 dxc4 5. O-O Nbd7 6. Na3 Nb6 7. Qc2 Be6
8. Ng5 Bg4 9. Nxc4 Bxe2 10. Ne5 Bh5 11. Re1 e6 12. g4 Bg6 13. Bxc6+ bxc6
14. Qxc6+ Nfd7 15. Nexf7 Bxf7 16. Nxf7 Qf6 17. Nxh8 e5 18. Qe4 O-O-O 19. d4
exd4 20. g5 Qd6 21. Nf7 Qd5 22. Nxd8 Kxd8 23. Bf4 Qf7 24. Rad1 Bc5 25. b4
Bxb4 26. Rxd4 Bxe1 27. Qxe1 Qxa2 28. Qe4 Qa1+ 29. Kg2 Qc3 30. Rd3 Qc5 31.
Be3 Qb5 32. Bxb6+ axb6 33. Qa8+ Ke7 34. Qe4+ Kd8 35. Qa8+ Ke7 36. Re3+ Kd6
37. h4 h6 38. gxh6 gxh6 39. Qf3 Qb4 40. Qf5 Nc5 41. Qf6+ Kd5 42. Re5+ Kc4
43. Qf4+ Kb5 44. Qxb4+ Kxb4 45. Rh5 Kc4 46. Rxh6 b5 47. h5 b4 48. Rb6 Nd7
49. Rb7 Nc5 50. Rb8 Nd7 51. Rc8+ Kd3 52. Rd8 1-0

[Event "World Rapid 2019"]
[Site "Moscow RUS"]
[Date "2019.12.28"]
[Round "15"]
[White "Frolyanov, Dmitry"]
[Black "Kazakouski, Valery"]
[Result "1-0"]
[WhiteElo "2527"]
[BlackElo "2375"]
[EventDate "2019.12.26"]
[Board "79"]

1. e4 c5 2. Nf3 a6 3. c3 e6 4. d4 d5 5. exd5 exd5 6. Be2 h6 7. O-O Nc6 8.
Re1 Be6 9. Bf4 Nf6 10. Ne5 Bd6 11. Nd2 O-O 12. Nxc6 bxc6 13. Bxd6 Qxd6 14.
Nb3 Nd7 15. dxc5 Nxc5 16. Nd4 a5 17. Qc2 Bd7 18. Rad1 Qf6 19. c4 Rfc8 20.
Bf3 Rab8 21. b3 Na6 22. cxd5 cxd5 23. Qd2 Rc5 24. Rc1 Rbc8 25. Rxc5 Rxc5
26. h3 Nc7 27. Qe3 Nb5 28. Nxb5 Rxb5 29. Qa7 Qd6 30. Qa8+ Kh7 31. Qd8 Qc6
32. Be2 Rb4 33. Bd3+ g6 34. g3 Be6 35. Qf6 Rb6 36. h4 h5 37. Re5 Qc1+ 38.
Kh2 Qh6 39. Rg5 Rc6 40. Qe7 Qg7 41. Rxh5+ Kg8 42. Qe8+ Qf8 43. Rh8+ 1-0

[Event "World Rapid 2019"]
[Site "Moscow RUS"]
[Date "2019.12.28"]
[Round "15"]
[White "Moiseenko, Vadim"]
[Black "Gutenev, Alexander"]
[Result "0-1"]
[WhiteElo "2596"]
[BlackElo "2431"]
[EventDate "2019.12.26"]
[Board "80"]

1. c4 Nf6 2. Nc3 d5 3. cxd5 Nxd5 4. Nf3 g6 5. h4 h5 6. g3 Bg7 7. Bg2 O-O 8.
O-O c5 9. d4 Nxc3 10. bxc3 Nc6 11. d5 Na5 12. Bg5 Bf5 13. Qa4 Bxc3 14. Rac1
Bb2 15. Rcd1 Bf6 16. Bd2 b6 17. Bxa5 bxa5 18. Nd2 Rb8 19. a3 Rb2 20. Qc4
Qb6 21. e4 Bg4 22. Rb1 Rb8 23. Rxb2 Bxb2 24. Rb1 Kg7 25. Qc2 Qf6 26. Nc4
Be5 27. Rxb8 Bxb8 28. Nxa5 Bd6 29. Nc6 a6 30. f4 Qa1+ 31. Kh2 f6 32. e5
fxe5 33. fxe5 Bxe5 34. Nxe5 Qxe5 35. Qxc5 Be2 36. a4 Bd3 37. Qa3 Be2 38.
Qb3 Bg4 39. Qd3 Be2 40. Qd2 Bc4 41. a5 Bb5 42. Qg5 Qf6 43. Qe3 Kf7 44. Be4
Qb2+ 45. Bg2 Qf6 46. Qe4 Kg7 47. Qf4 Qb2 48. Qe4 Qf6 49. Qe3 Bc4 50. Qf4
Bb5 51. Be4 Qb2+ 52. Bg2 Qc3 53. g4 hxg4 54. Qxg4 Qxa5 55. Qd4+ Kh7 56. Qe5
Qd8 57. h5 Qd6 58. Qxd6 exd6 59. Be4 Be8 60. Kg3 Kh6 0-1

[Event "World Rapid 2019"]
[Site "Moscow RUS"]
[Date "2019.12.28"]
[Round "15"]
[White "Pogosyan, Stefan"]
[Black "Sychev, Klementy"]
[Result "1/2-1/2"]
[WhiteElo "2426"]
[BlackElo "2562"]
[EventDate "2019.12.26"]
[Board "81"]

1. c4 b6 2. Nc3 Bb7 3. d4 e6 4. a3 g6 5. e4 Bg7 6. Nf3 Ne7 7. Bf4 d6 8. h4
h6 9. Be2 Nd7 10. Qc2 e5 11. dxe5 Nxe5 12. Nxe5 dxe5 13. Rd1 Qc8 14. Be3
Nc6 15. Qa4 O-O 16. Nd5 Kh7 17. c5 Qd8 18. h5 Nd4 19. Bxd4 exd4 20. c6 Bc8
21. Rxd4 Be6 22. Rd2 Qg5 23. g3 Rad8 24. Qb3 Qe5 25. Qe3 Bxd5 26. exd5 Rxd5
27. Qxe5 Rxe5 28. O-O gxh5 29. Bf3 h4 30. gxh4 Bf6 31. Rd7 Re7 32. Rfd1
Rfe8 33. Rxe7 Rxe7 34. Rd7 Bxh4 35. Kg2 Kg7 36. Kh3 Bg5 37. Kg4 Kf6 38. Bd5
Bc1 39. b4 Bxa3 40. b5 Bd6 41. Rd8 Ke5 42. Bb3 Kd4 43. Bc2 Kc4 44. Bf5 Kc5
45. Bd3 Re5 46. Rd7 Rd5 47. Be2 Rd4+ 48. Kf3 Rf4+ 49. Ke3 Rf5 50. Rd8 Re5+
51. Kf3 Rf5+ 52. Ke3 Rf6 53. Ra8 Bf4+ 54. Ke4 Bh2 55. Ke3 Bg1 56. Rxa7
Bxf2+ 57. Ke4 Bg3 58. Ra1 Bd6 59. Rc1+ Kb4 60. Rh1 Bc5 61. Bd3 Re6+ 62. Kf5
Rd6 63. Rh3 Bd4 64. Ke4 Bc3 65. Bf1 Re6+ 66. Kf3 Rf6+ 67. Kg2 Bd4 68. Bd3
Rf2+ 69. Kg3 Rd2 70. Kg4 Be5 71. Kf5 Bd6 72. Ke4 Bf8 73. Rf3 Bd6 1/2-1/2

[Event "World Rapid 2019"]
[Site "Moscow RUS"]
[Date "2019.12.28"]
[Round "15"]
[White "Tari, Aryan"]
[Black "Kim, Alexey"]
[Result "0-1"]
[WhiteElo "2562"]
[BlackElo "2464"]
[EventDate "2019.12.26"]
[Board "82"]

1. e4 c5 2. Nf3 d6 3. Nc3 Nf6 4. e5 dxe5 5. Nxe5 e6 6. Bb5+ Nbd7 7. d4 a6
8. Bxd7+ Bxd7 9. Be3 cxd4 10. Qxd4 Qc7 11. O-O-O Rd8 12. Rd2 Be7 13. Rhd1
O-O 14. Qf4 Bc6 15. Nxc6 Qxc6 16. g4 Rxd2 17. Rxd2 b5 18. g5 b4 19. Ne2 Nd5
20. Qe4 Rc8 21. h4 a5 22. Nf4 Nxe3 23. Qxc6 Rxc6 24. fxe3 h6 25. gxh6 gxh6
26. h5 Bg5 27. Rh2 Rc4 28. Rg2 Kf8 29. Rg4 Ke8 30. Kd2 Re4 31. Kd3 f5 32.
Rg3 Kf7 33. c4 bxc3 34. bxc3 Ra4 35. Nh3 Bf6 36. Rg6 e5 37. Rxh6 Rxa2 38.
Rg6 Ke7 39. h6 Rh2 40. Ng5 Bxg5 41. Rxg5 Kf6 42. Rg8 Rxh6 43. Ra8 Rh3 44.
Ra6+ Kg5 45. Rxa5 e4+ 46. Kd4 Rh2 47. Ra1 Rf2 48. Ke5 Kg4 49. c4 Kf3 50.
Ra3 Rc2 51. Kxf5 Rxc4 52. Ke5 Rc5+ 53. Kd4 Rc8 54. Rb3 Rd8+ 55. Kc4 Ke2 56.
Rb1 Kxe3 57. Kc3 Rc8+ 0-1

[Event "World Rapid 2019"]
[Site "Moscow RUS"]
[Date "2019.12.28"]
[Round "15"]
[White "Dragnev, Valentin"]
[Black "Vavulin, Maxim"]
[Result "0-1"]
[WhiteElo "2380"]
[BlackElo "2551"]
[EventDate "2019.12.26"]
[Board "83"]

1. c4 g6 2. d4 Bg7 3. e4 e6 4. Nc3 Ne7 5. Nf3 d5 6. e5 O-O 7. Bg5 c5 8.
cxd5 exd5 9. Bxe7 Qxe7 10. Nxd5 Qd8 11. dxc5 Nc6 12. Bc4 Nxe5 13. Nxe5 Bxe5
14. O-O Qh4 15. f4 Bxb2 16. Rb1 Bg7 17. Qe1 Qd8 18. Kh1 Kh8 19. Qe7 Be6 20.
Qxb7 Rc8 21. Ne3 Bxc4 22. Nxc4 Rxc5 23. Ne5 Rc7 24. Qf3 Qd2 25. a4 Kg8 26.
h3 Re8 27. Rb5 Qd4 28. a5 Qa4 29. Rfb1 Rc1+ 30. Rxc1 Qxb5 31. Qc6 Qb8 32.
Nd7 Qd8 33. a6 h5 34. Rd1 Re6 35. Qb7 Qa5 36. Qxa7 Rxa6 37. Qb8+ Kh7 38.
Nf8+ Kh6 39. Nd7 Re6 40. Qb1 Re2 41. Qd3 Qa2 42. Qg3 Qc2 43. Re1 Rxe1+ 44.
Qxe1 Qf5 45. Qd2 Kh7 46. Kh2 h4 47. Nb6 Qe4 48. Qf2 Bf6 49. Nd7 Be7 50. Ne5
Kg7 51. Qf3 Qa4 52. Qf2 Bd6 53. Qe3 g5 54. g3 hxg3+ 55. Kxg3 gxf4+ 56. Qxf4
Qxf4+ 57. Kxf4 Kf6 0-1

[Event "World Rapid 2019"]
[Site "Moscow RUS"]
[Date "2019.12.28"]
[Round "15"]
[White "Tsvetkov, Andrey"]
[Black "Novikov, Stanislav"]
[Result "1-0"]
[WhiteElo "2241"]
[BlackElo "2544"]
[EventDate "2019.12.26"]
[Board "84"]

1. d4 Nf6 2. c4 g6 3. Nc3 Bg7 4. e4 d6 5. Be2 O-O 6. Be3 Na6 7. Nf3 e5 8.
d5 Ng4 9. Bg5 f6 10. Bh4 Nh6 11. Nd2 g5 12. Bg3 f5 13. f3 g4 14. a3 gxf3
15. gxf3 Nc5 16. b4 Nd7 17. Qc2 a5 18. O-O-O axb4 19. axb4 Kh8 20. Rhg1 c5
21. dxc6 bxc6 22. Nb3 Qb6 23. b5 Nc5 24. Bh4 Nxb3+ 25. Qxb3 Be6 26. Rxg7
Kxg7 27. Rxd6 Qe3+ 28. Kb1 cxb5 29. Rxe6 Ra1+ 30. Kxa1 Qc1+ 31. Qb1 Ra8+
32. Na2 Qc3+ 33. Qb2 1-0

[Event "World Rapid 2019"]
[Site "Moscow RUS"]
[Date "2019.12.28"]
[Round "15"]
[White "Makarian, Rudik"]
[Black "Shcherbakov, Ruslan"]
[Result "1-0"]
[WhiteElo "2334"]
[BlackElo "2520"]
[EventDate "2019.12.26"]
[Board "86"]

1. f4 Nf6 2. Nf3 g6 3. g3 Bg7 4. Bg2 d5 5. O-O b6 6. d3 Bb7 7. Nbd2 O-O 8.
Qe1 Nbd7 9. e4 dxe4 10. dxe4 e5 11. f5 Nc5 12. Kh1 Re8 13. fxg6 fxg6 14. b4
Ncxe4 15. Ng5 Nxd2 16. Bxb7 Nxf1 17. Qxf1 b5 18. Qf3 Rf8 19. Ne6 e4 20.
Nxd8 exf3 21. Bxa8 Rxd8 22. Bxf3 Rd4 23. Rb1 Rc4 24. Bg5 c6 25. Rb3 Nd5 26.
Ra3 Bd4 27. Bd2 Rxc2 28. Rd3 Rc4 29. a3 Kg7 30. Bxd5 cxd5 31. Rxd4 1-0

[Event "World Rapid 2019"]
[Site "Moscow RUS"]
[Date "2019.12.28"]
[Round "15"]
[White "Faizrakhmanov, Ramil"]
[Black "Santos Ruiz, Miguel"]
[Result "0-1"]
[WhiteElo "2500"]
[BlackElo "2379"]
[EventDate "2019.12.26"]
[Board "88"]

1. d4 Nf6 2. c4 e6 3. Nf3 d5 4. Nc3 dxc4 5. e3 a6 6. Bxc4 b5 7. Bb3 Bb7 8.
O-O Nbd7 9. Qe2 c5 10. Rd1 Qc7 11. h3 Be7 12. a3 O-O 13. Bd2 Qb6 14. dxc5
Nxc5 15. Bc2 Rac8 16. e4 Rfd8 17. Bg5 h6 18. Bh4 b4 19. axb4 Qxb4 20. Rxd8+
Bxd8 21. Ra2 Nfxe4 22. Bxd8 Rxd8 23. Nxe4 Bxe4 24. Bxe4 Qxe4 25. Qxe4 Nxe4
26. Rxa6 Rd1+ 27. Kh2 Nxf2 28. b4 g5 29. g4 Rb1 30. Ra8+ Kg7 31. Ra7 Rxb4
32. Ne5 Rf4 33. Rd7 Ne4 34. Kg2 Nc3 35. Ra7 Nd5 36. Kg3 Ne3 37. Rc7 Rf1 38.
Ra7 Nd5 39. Kg2 Rf6 40. Kg3 Nf4 41. Nd7 Ne2+ 42. Kg2 Rf4 43. Ne5 Nc3 44.
Rb7 Ne4 45. Rd7 Rf6 46. Rd4 Nc3 47. Rd7 Nd5 48. Kg3 Nf4 49. Ra7 Ng6 50. Nc6
Rf4 51. Nd8 Kg8 52. Ra8 Nf8 53. Ra7 Kg7 54. h4 Rf6 55. hxg5 hxg5 56. Ra5
Nh7 57. Ra7 Kg6 58. Nc6 Rf4 59. Ne5+ Kg7 60. Rb7 Nf8 61. Nf3 Kh6 62. Ne5
Kg7 63. Nf3 Kg6 64. Ne5+ Kf6 65. Nxf7 Rd4 66. Nh6 Nd7 67. Rb5 Kg7 68. Rxg5+
Kxh6 69. Rg8 Nf6 70. g5+ Kh7 71. Rf8 Nh5+ 72. Kf3 Kg6 73. Ke3 Rg4 74. Rg8+
Ng7 0-1

[Event "World Rapid 2019"]
[Site "Moscow RUS"]
[Date "2019.12.28"]
[Round "15"]
[White "Vastrukhin, Oleg"]
[Black "Tengis, Tsog-Ochir"]
[Result "1-0"]
[WhiteElo "2474"]
[BlackElo "2003"]
[EventDate "2019.12.26"]
[Board "89"]

1. g3 d5 2. Nf3 g6 3. Bg2 Bg7 4. d4 Nf6 5. O-O O-O 6. Nbd2 c6 7. c4 Bf5 8.
b3 Be4 9. Bb2 Nbd7 10. Nxe4 Nxe4 11. e3 Rc8 12. Ne5 Ndf6 13. Qe2 Qa5 14.
Rfc1 Rfd8 15. a3 Qd2 16. Rc2 Qxe2 17. Rxe2 Nd7 18. Nxd7 Rxd7 19. Rc2 f5 20.
Rac1 Rcd8 21. cxd5 Rxd5 22. a4 Kf7 23. Bf1 R5d7 24. b4 e5 25. dxe5 Ke7 26.
Be2 Rd2 27. f3 Ng5 28. Kf2 h5 29. h4 Ne6 30. Ke1 R2d5 31. f4 a5 32. b5 c5
33. b6 Bf8 34. Bc3 c4 35. Bxc4 Rc5 36. Bxe6 Kxe6 37. Bd4 Rxc2 38. Rxc2 Kd5
39. Ke2 Ke4 40. Rc7 Rb8 41. e6 Bd6 42. Rd7 Bb4 43. e7 Rc8 44. Bc3 1-0

[Event "World Rapid 2019"]
[Site "Moscow RUS"]
[Date "2019.12.28"]
[Round "15"]
[White "Castellanos Rodriguez, Renier"]
[Black "Mamatov, Melis"]
[Result "1/2-1/2"]
[WhiteElo "2563"]
[BlackElo "2277"]
[EventDate "2019.12.26"]
[Board "90"]

1. e4 c5 2. Nf3 d6 3. d4 cxd4 4. Qxd4 Nc6 5. Qe3 g6 6. Be2 Bh6 7. Qc3 Qa5
8. Bxh6 Nxh6 9. Qxa5 Nxa5 10. Nc3 Be6 11. Nd4 Nc6 12. O-O-O Nxd4 13. Rxd4
O-O 14. Re1 Kg7 15. f4 Ng8 16. g4 Rfd8 17. h4 Bd7 18. g5 Bc6 19. Red1 Rdc8
20. Bg4 Rc7 21. h5 gxh5 22. Bxh5 e5 23. Rxd6 exf4 24. Rf1 Re8 25. Rxf4 Re5
26. Nd5 Bxd5 27. Rxd5 Rxd5 28. exd5 f6 29. Bg4 fxg5 30. d6 Rf7 31. Rd4 Rf8
32. Rb4 b6 33. Rc4 Rd8 34. Rc7+ Kf6 35. Rxh7 Rxd6 36. Rxa7 Nh6 37. Rd7 Ke5
38. Rxd6 Kxd6 39. Be2 Ke5 40. Kd2 Ke4 41. Kc3 g4 42. a4 g3 43. Bf1 Nf5 44.
b4 Ne3 45. Bh3 Kd5 46. Kd3 g2 47. c4+ Ke5 48. Bxg2 Nxg2 1/2-1/2